000 00349nam a2200121Ia 4500
008 220217s9999||||xx |||||||||||||| ||und||
082 _a005.43 VEN
100 _aVenkateshamurthy, M.G
245 0 _aIntroduction to unix and Cell programming
260 _aPearson education asia
_bNew Delhi
_c2007
300 _b210
650 _aOperating systems
999 _c175058
_d175058